The walking Dead Season 9 Characters Quiz Stats

 Plays Quiz not verified by Sporcle

Score 0/86 Timer 16:00
0 Plays Today
Number of episodes Character % Correct
16Daryl Dixon
100%
13Michonne
100%
12Carol Peletier
100%
12Rosita Espinosa
100%
9Negan
100%
10Tara Chambler
97.1%
10Judith Grimes
97.1%
11Eugene Porter
94.3%
11Henry
94.3%
10Gabriel Stokes
94.3%
9Aaron
94.3%
8Ezekiel
91.4%
10Jerry
88.6%
8Paul Rovia
88.6%
8Lydia
88.6%
6Alpha
88.6%
5Rick Grimes
88.6%
1(hallucination)Sasha Williams
88.6%
11Siddiq
85.7%
5Maggie Rhee
85.7%
3Hershel Rhee
85.7%
1(hallucination)Hershel Grrene
85.7%
1(hallucination)Shane Walsh
85.7%
1(voice)Lori Grimes
85.7%
10Magna
82.9%
7Enid
82.9%
4Beta
82.9%
1(voice and dream)Beth Greene
82.9%
1(voice)Morgan Jones
82.9%
Number of episodes Character % Correct
5Anne
80%
1(voice)Abraham Ford
80%
1Gregory
80%
1(dream)Tyreese Williams
80%
10Connie
77.1%
10Yumiko
77.1%
7Luke
77.1%
1(dream)Dale Horvath
74.3%
8Alden
71.4%
8Kelly
68.6%
4Cyndie
68.6%
1(dream)Sophia Peletier
68.6%
1(dream)Theodore Douglas
68.6%
8D.J.
65.7%
10Dianne
60%
7Kal
60%
1(dream)Amy
60%
1(dream)Noah
60%
6Earl Sutton
57.1%
9Dog
57.1%
6Tammy Rose Sutton
54.3%
4Beatrice
54.3%
6Nabila
51.4%
3Rachel Ward
51.4%
3Scott
51.4%
1Frank
51.4%
1Kenneth Sutton
51.4%
6Laura
48.6%
5Adeline
48.6%
Number of episodes Character % Correct
4Jed
48.6%
3Arat
48.6%
2Ozzy
48.6%
3Gracie
45.7%
3Rodney
45.7%
2Frankie
45.7%
1Alek
45.7%
6Regina
42.9%
4Oscar
42.9%
4R.J. Grimes
42.9%
1(dream)Oscar
42.9%
5Marco
37.1%
4Kathy
37.1%
1(dream)Tobin
37.1%
3Justin
34.3%
4Gage
31.4%
1(dream)Jimmy
31.4%
2Barbara
28.6%
4Adam Sutton
28.6%
2Bertie
25.7%
5Kyle
25.7%
1Jocelyn
25.7%
3Norris
22.9%
3Nora
22.9%
5Quan
22.9%
3Rasmus
14.3%
2Zion
14.3%
1Bernie
8.6%

You're not logged in!

Compare scores with friends on all Sporcle quizzes.
OR
Log In

Sporcle TV

Today on Sporcle TV


Watch our educational content, quiz creation guides, and fun videos on Sporcle TV.

Show Comments

Extras

Top Quizzes Today


Score Distribution

Your Account Isn't Verified!

In order to create a playlist on Sporcle, you need to verify the email address you used during registration. Go to your Sporcle Settings to finish the process.

Report this User

Report this user for behavior that violates our Community Guidelines.

Details: